000 00319nam a22001337a 4500
999 _c1017
_d1017
003 OSt
005 20170921092311.0
008 160627b xxu||||| |||| 00| 0 eng d
020 _a9780713640250
040 _cTEST
100 _91243
_aNewson, L
245 _aScience Mysteries Growing Older
260 _aLONDON
_bA & C BLACK
_c1996
942 _2ddc
_cBK